000 00549nam a22001697a 4500
003 OSt
005 20260218044351.0
008 260218b |||||||| |||| 00| 0 eng d
040 _aDWC-Main lib
_cOC
082 _aFil. 899.211 V645 2020
100 _aVictoria A. Vasil
245 _aPelikulang panlipunan/
_cVictoria A. Vasil
260 _a[no place of publication]:
_b [no publisher],
_cc2020.
300 _a190 pages:
_b illustrations;
_c27 cm.
650 _a1. Philippine literature -- literary criticism.
942 _2ddc
_cBK - FIL
_kFil.
_n0
999 _c8433
_d8433